1864 1928 1676 1119 1994 1376 1549 1285 1958 1155 1185 1169 1060 1454 1436 1475 1524 1956 1436 1235 1169 1369 1781 1028 1754 1425 1284 1139 1692 1805 1600 1428 1682 1323 1458 1548 1169 1346 1570 1689 1558 1264 1708 1186 1997 1528 1270 1721 1339 1069 1602 1425 1533 1721 1145 1428 1522 1545 1096 1630 1721 1689 1114 1942 1453 1251 1628 1825 1448 1264 1955 1296 1385 1707 1572 1574 1496 1283 1672 1064 1236 1179 1994 1024 1550 1035 1982 1982 1173 1848 1025 1038 1684 1131 1547 1481 1512 1648 1664 BCNSPRNW ULIB Ver.6.0+V

เปลี่ยนเป็นภาษาไทย

Change to English
 แสดงรายละเอียดบรรณานุกรม
  กลับหน้าหลัก

Brief Record : Get Marc (ISO 2709) : E-mail record : QR code < ปิดหน้าต่าง
LEADER : 00000nam 2200000uu 4500
001    13399114194
003     ULIB
008    110627s||||||||th 000 0 tha d
020    9786167081502
090    นว.^bศ284บ 2553
100 0  ศลิษา
245 00 บงการรักลิขิตเสน่หา/^cศลิษา,นามแฝง
250    พิมพ์ครั้งที่ 1
260    กรุงเทพฯ :^bสมาร์ทบุ๊ค,^c2553
300    368 หน้า
710 1  สมาร์ทบุ๊ค
945    ^p250^l0^i028047
995    ทศพร
999 ^a ใช้งานได้ทุกระบบ
รายการนี้ยังไม่มีแท็ก
คุณยังไม่ได้ล็อกอิน คุณสามารถมีกิจกรรมร่วมกับเว็บไซต์ได้ แต่ต้องล็อกอินก่อน ::
  ล็อกอิน

รายการสื่อสารสนเทศ

ลำดับที่ ประเภท เลขเรียก/บาร์โค้ด สถานที่ สถานะ
1. นวนิยาย
นวนิยาย
นว. ศ284บ 2553 ฉ.1 
  Barcode: 028047
ห้องสมุดวิทยาเขตสวรรค์ประชารักษ์
►นวนิยาย
บนชั้น
  ขอยืม

BibComment


ยังไม่เคยถูกคอมเมนท์

คอมเมนท์ทรัพยากรรายการนี้
  คอมเมนท์: บงการรักลิขิตเสน่..


 Copyright 2026. Bcnsprnw @Library